000 00293nam a22001337a 4500
008 170614b xxu||||| |||| 00| 0 eng d
020 _a0275892603
041 _aeng
080 _a94(4)
100 _a17
101 _aSHH
245 _aA HISTORY OF SOVIET RUSSIA
_cULAM,A.B
942 _2udc
_cBK
999 _c17280
_d17280